LEADER 01099cam0-2200361---450- 001 990008437310403321 005 20141112101722.0 010 $a88-06-16553-4 035 $a000843731 035 $aFED01000843731 035 $a(Aleph)000843731FED01 035 $a000843731 100 $a20061212d2003----km-y0itay50------ba 101 1 $aita 102 $aIT 105 $aa---a---001yy 200 1 $aObbedienza all'autoritą$euno sguardo sperimentale$fStanley Milgram$gcon un saggio di Adriano Zamperini 210 $aTorino$cEinaudi$d2003 215 $aXLVIII, 205 p.$cill.$d21 cm 225 1 $aBiblioteca Einaudi$iPsicologia. Psicoanalisi. Pischiatria$v160 454 0$12001$aObedience to authority$941685 610 0 $aAutoritą 610 0 $aPsicologia sociale 676 $a303.36$v21$zita 700 1$aMilgram,$bStanley$0327600 702 1$aZamperini,$bAdriano 801 0$aIT$bUNINA$gREICAT$2UNIMARC 901 $aBK 912 $a990008437310403321 952 $a303.36 MIL 1$bBibl. 54845$fFLFBC 959 $aFLFBC 996 $aObedience to authority$941685 997 $aUNINA LEADER 01176nam 2200349 450 001 9910704366903321 005 20130124083408.0 035 $a(CKB)5470000002440014 035 $a(OCoLC)825050010 035 $a(EXLCZ)995470000002440014 100 $a20130124d2012 ua 0 101 0 $aeng 135 $aurmn||||||||| 181 $2rdacontent 182 $2rdamedia 183 $2rdacarrier 200 10$aHomeland security $eCivil Air Patrol involved in certain missions, but DHS should assess the benefits of further involvement : report to congressional committees 210 1$a[Washington, D.C.] :$cUnited States Government Accountability Office,$d2012. 215 $a1 online resource (ii, 31 pages) $ccolor illustrations 300 $aTitle from title screen (viewed Jan. 23, 2013). 300 $a"November 2012." 300 $a"GAO-13-56." 320 $aIncludes bibliographical references. 517 $aHomeland security 606 $aNational security$zUnited States 615 0$aNational security 801 0$bGPO 801 1$bGPO 906 $aBOOK 912 $a9910704366903321 996 $aHomeland Security$91686681 997 $aUNINA